000 01771nam a2200265Ia 4500
999 _c37589
_d37589
001 3560
003 GE_BSU
005 20190620162224.0
008 181216s2009||||ge |||||||||||||| ||geo||
020 _a9789941409615
040 _cGE_BSU
080 _a574(479.223)(068) ა–95
245 _aაჭარის (სამხრეთ კოლხეთის) ბიოლოგიური მრავალფეროვნება = The biological diversity of Adjara (South Colchic) :
_b(საერთაშორისო კონფერენციის მასალები, 2008 წლის 5-7 ივნისი, ბათუმი) /
_cშოთა რუსთაველის სახელმწ. უნ-ტი, სსიპ ბათუმის ბოტან. ბაღი ; სამეცნ. რედ. მურმან დავითაძე ; სარედ. კოლ.: მ. დავითაძე (რედ.)[და სხვ.
264 _aბათუმი :
_bშოთა რუსთაველის სახელმწ. უნ-ტის გამ-ბა,
_c2009.
300 _a279 გვ. :
_bსურ., ცხრ. ;
_c28 სმ.
300 _eცხრ.
504 _aრეზ. და ბიბლიოგრ. თავების ბოლოს.
653 _aაჭარის ფლორა
700 _aდავითაძე, მ.;
_92491
700 _aგოგმაჩაძე, თ.
_92676
700 _aშაინიძე, ო. და სხვ.
_92677
710 _aშოთა რუსთაველის სახელმწ. უნ-ტი
_92678
710 _a სსიპ ბათუმის ბოტანიკური ბაღი
_92679
942 _cBK
_2udc